Vista normal
Vista MARC
Entrada Topical Term
Número de registros utilizados en: 1
001 - CONTROL NUMBER
- control field: 14419
003 - CONTROL NUMBER IDENTIFIER
- control field: OSt
005 - DATE AND TIME OF LATEST TRANSACTION
- control field: 20230915230249.0
008 - FIXED-LENGTH DATA ELEMENTS
- fixed length control field: 230915|| aca||aabn | a|a d
040 ## - CATALOGING SOURCE
- Original cataloging agency: OSt
- Transcribing agency: OSt
150 ## - HEADING--TOPICAL TERM
- Topical term or geographic name entry element: PERU - HISTORIA - DESCUBRIMIENTO Y CONQUISTA 1519 - 536
670 ## - SOURCE DATA FOUND
- Source citation: Work cat.: (OSt)21913: Stern ; Steve J, Santos Fontela Fernando., 14416, Los Pueblos indígenas del Perú y el desafío de la conquista Española Huamanga hasta 1640, 1986